000 00357nam a2200145Ia 4500
008 150201s2008 xx 000 0 und d
082 _a618.92
_bN08G
100 _aGUPTA, D.K.
245 _aNEONATAL ASPHYXIA, RESUSCITATION AND BEYOND
250 _a2ND
260 _bJAYPEE BROTHERS
_aDELHI
_c2008
300 _a1-72
650 _aPAEDIATRICS
942 _2ddc
_cBK
999 _c63
_d63